Predčasne porodený Dilongov rukopis

Bibliographic Details
Main Author: Halvoník, Alexander, 1945- (Author)
Format: Article
Language:Slovak
PhysicalDescription:Obr.
ISSN:1210-1982
Subjects:

MARC

LEADER 00000nab a2200000 a 4500
001 vtls000754460
003 SK-MaSNL
005 20260302192056.0
008 160314c2000 xo 0 slo
015 |a SNBRB2001/04-12487 
035 |a CLN000106247 
040 |a SNKBUCL  |b slo  |c SNKBUCL  |e AACR2 
041 0 |a slo 
044 |a xo  |c SK 
080 |a 82.09:885.4-3(048)  |2 UDC-MRF-SK2 
080 |a 885.4-3(048)  |2 UDC-MRF-SK2 
100 1 |a Halvoník, Alexander,  |d 1945-  |4 aut  |9 103645 
245 1 0 |a Predčasne porodený Dilongov rukopis  |c Alexander Halvoník 
300 |b Obr. 
650 0 7 |a prózy spoločenské slovenské  |x recenzie  |2 snkbucl  |9 841472 
773 0 |x 1210-1982  |t Knižná revue  |g Roč. 10, č. 16-17 (2000), s. 13 
787 0 8 |i Rec.:  |a Dilong, Rudolf, 1905-1986  |t Ruža Dagmar  |d Bratislava : Slovenský spisovateľ, c2000  |z 8022010413  |w SK01SNK20000348999 
850 |a Slovenská národná knižnica v Martine 
852 |a SNK  |b KIS3GCP 
958 |a SK 
958 |a LX 
958 |a RC 
958 |a RBX 
999 |c 1439403  |d 1441333